01024 2200313 4500001002100000005001500021035002000036007000300056008004100059020002200100082001500122084001700137100003100154245016700185250003200352300004500384650002800429700002500457264004000482336002100522337003000543338002300573040002200596850001200618500001100630504002900641990002000670990002000690INLIS00000000087577520221208105308 a0010-1222000211ta221208s2020 jbia g 1 ind d a978-602-446-408-004223a610.73 a610.73 MUH i0 aMuh Anwar HafidePengarang10aIlmu dasar keperawatan :bkonsep sistem tubuh, homeostasis, gugus fungsional, Ikatan kimia, cairan tubuh, dan metabolisme /cMuh Anwar Hafid; penyunting, Nur Asri aCetakan pertama, Maret 2020 aviii, 222 halaman :bilustrasi ;c258 cm 4aPerawat dan keperawatan0 aNur AsriePenyunting31aBandung :bRemaja Rosdakarya,c2020 2rdacontentateks 2rdamediaatanpa perantara 2rdacarrieravolume aYOPDYOGbinderda aYOPDYOG aindeks aBibliografi: halaman 213 a46541-PD/B.2022 a46542-PD/B.2022